banner koha

The integration of integrated control: the relevance of systems-based integrated pest management to contemporary agricultural development in Latin America [Praga de planta; Inseto; America Latina] (Registro n. 311923)

MARC details
000 -LÍDER
campo de controle de tamanho fixo 01628naa a22003257a 4500
001 - NÚMERO DE CONTROLE
campo de controle BR8001676
003 - IDENTIFICADOR DO NÚMERO DE CONTROLE
campo de controle BR-BrBNA
005 - DATA E HORÁRIO DA ÚLTIMA TRANSAÇÃO
campo de controle 20240918174539.0
007 - CAMPO FIXO DE DESCRIÇÃO FÍSICA--INFORMAÇÃO GERAL
campo de controle de tamanho fixo ta
008 - CAMPO DE DADOS FIXOS--INFORMAÇÃO GERAL
campo de controle de tamanho fixo 230509b bl.||||| |||| 00| 0 por d
040 ## - FONTE DA CATALOGAÇÃO
Instituição da catalogação original BR-BrBNA
Idioma da catalogação por
Instituição que transcreveu o registro Biblioteca Nacional de Agricultura
041 ## - CÓDIGO DE IDIOMA
Código do idioma do texto/trilha sonora ou título diferente (En)
072 ## - CÓDIGO DE CATEGORIA DE ASSUNTO
Código de Categoria de Assunto H10
Código do objeto 7300
-- G302
090 ## - NÚMERO DE CHAMADA LOCAL
Número de chamada H10 BR8001676
100 1# - ENTRADA PRINCIPAL--NOME PESSOAL
Nome pessoal Davidson, A.
111 1# - ENTRADA PRINCIPAL--NOME DO EVENTO
Nome do evento ou lugar 3. Congresso Latinoamericano de Entomologia; 5. Congresso Brasileiro de Entomologia
Local do evento Itabuna, BA (Brazil)
Data do evento ou assinatura do tratado 23 Jul 1978
245 1# - TÍTULO
Título The integration of integrated control: the relevance of systems-based integrated pest management to contemporary agricultural development in Latin America [Praga de planta; Inseto; America Latina]
246 1# - FORMA VARIANTE DO TÍTULO
Título/título abreviado The integration of integrated control: the relevance of systems-based integrated pest management to contemporary agricultural development in Latin America [Insect]
246 1# - FORMA VARIANTE DO TÍTULO
Título/título abreviado [Proceedings of the 3. Latin American Congress of Entomology; 5. Brazilian Congress of Entomology]
260 3# - PUBLICAÇÃO, DISTRIBUIÇÃO, ETC.
Local de publicação, distribuição, etc. Ilheus, BA (Brasil):
Data da publicação, distribuição, etc. Jun 1979.
500 ## - NOTA GERAL
Nota geral Memorias do 3. Congresso Latinoamericano de Entomologia; 5. Congresso Brasileiro de Entomologia<br/>Ilheus, BA (Brasil): Jun 1979. p. 17-23<br/>(BR8001676-AM)H10<br/>
650 ## - ASSUNTO--TERMO TÓPICO
Cabeçalho tópico ou nome geográfico Praga de planta
650 ## - ASSUNTO--TERMO TÓPICO
Cabeçalho tópico ou nome geográfico Inseto
650 ## - ASSUNTO--TERMO TÓPICO
Cabeçalho tópico ou nome geográfico Controle quimico
650 ## - ASSUNTO--TERMO TÓPICO
Cabeçalho tópico ou nome geográfico Controle biologico
650 ## - ASSUNTO--TERMO TÓPICO
Cabeçalho tópico ou nome geográfico America latina
773 0# - ENTRADA ANALÍTICA
Título Memorias do 3. Congresso Latinoamericano de Entomologia; 5. Congresso Brasileiro de Entomologia
Número de controle do registro H10 BR8001676
Partes relacionadas Ilheus, BA (Brasil), Jun 1979. p. 17-23
909 ## -
-- 202404
-- Lucia
-- 55
-- Lucia Elande
942 ## - ELEMENTOS DE ENTRADA ADICIONADOS (KOHA)
Tipo de material Koha Capítulo-Livro
Fonte da classificação ou esquema de arquivamento na estante Classificação AGRIS
Exemplares
Situação do descarte Fonte da classificação ou esquema de arquivamento na estante Situação física Não pode ser emprestado Coleção Biblioteca de origem Biblioteca atual Localização na estante Total de empréstimos Número de telefone completo Data de último acesso Número do exemplar Tipo de material Koha Situação das perdas Data de aquisição Fonte de aquisição
  Classificação AGRIS       Biblioteca Nacional de Agricultura - Binagri Biblioteca Nacional de Agricultura - Binagri Agrobase - Acervo Geral   4020 BR8001674 20/05/2024 01 Capítulo-Livro   2024-04-11 Portaria Interministerial nº 164/94

BINAGRI

Telefone: (61)3218-2567/2388/3357/2097 - binagri@agro.gov.br

Ministério da Agricultura e Pecuária , Esplanada dos Ministérios, Bloco D, Anexo B, Brasília/DF, CEP: 70.043-900